Normale Ansicht MARC-Ansicht ISBD

Stalin's generals / (Titelsatznr. 4534)

[ MARC ]
MARC-Details
000 -Satzkennung
Kontrollfeld mit fester Länge 00523nam a22002051c 4500
001 - Kontrollnummer
Kontrollfeld 00091133491
008 - Feld mit fester Länge zur physischen Beschreibung - Allgemeine Angaben
Kontrollfeld mit fester Länge 051003s1993 gw a||| 000u eng d
020 ## - Internationale Standardbuchnummer
Internationale Standardbuchnummer 0802114873
Verknüpfung 0-8021-1487-3
041 ## - Sprachcode
Sprachcode des Textes/der Tonspur oder des separaten Titels eng
040 ## - Katalogisierungsquelle
Übertragungsstelle RU-10907106
003 - Kontrollnummer Identifier
Kontrollfeld RU-10907106
100 1# - Haupteintragung - Personenname
Personenname Shukman, Harold
245 00 - Titel
Titel Stalin's generals /
Verfasserangabe etc. ed. by Harold Shukman
264 ## - Produktion, Veröffentlichung, Distribution, Herstellung und Urheberrechtsvermerk
Herstellungs-, Veröffentlichungs- Vertriebs-, Erzeugungsort New York, NY :
Produzent, Herausgeber, Distributor, Hersteller Grove Press,
Datum der Herstellung, der Veröffentlichung, des Vertriebs oder des Urheberschutzvermerks 1993
300 ## - Physische Beschreibung
Umfang XIX, 394 S. : Ill., Kt
650 #0 - Nebeneintragung unter einem Schlagwort - Sachschlagwort
Sachschlagwort oder geografischer Name als Eintragungselement General
650 #0 - Nebeneintragung unter einem Schlagwort - Sachschlagwort
Sachschlagwort oder geografischer Name als Eintragungselement Biographie
651 #0 - Nebeneintragung unter einem Schlagwort - Geografischer Name
Geografischer Name Sowjetunion
942 ## - Zusätzliche Felder (Koha)
Koha-Medientyp Monographien
Exemplare
Ausgeschieden Verloren Klassifikation oder Aufstellungssystematik Beschädigt Nicht entleihbar Heimatbibliothek Aufenthaltsbibliothek Aufstellungsort Erwerbungsdatum Inventarnummer Signatur Barcode Letzte Aktivität Preis gültig von Koha-Medientyp
    Andere/Generische Klassifikation     MWN Osteuropa MWN Osteuropa Magazin - 2 03/10/2005 05-00320 R 63 rd Shu E00401506CBE09D6 22/02/2021 22/03/2021 Monographien